[Event "Monarch Assurance Isle of Man 12th"]
[Site "Port Erin IOM"]
[Date "2003.09.29"]
[Round "3.45"]
[White "Egeland, Marte"]
[Black "De Lange, Hans JG"]
[Result "1-0"]
[WhiteElo "1990"]
[BlackElo "1721"]
[PlyCount "95"]
[EventDate "2003.09.27"]
[EventType "swiss"]
[EventRounds "9"]
[EventCountry "IOM"]
[SourceTitle "BritBase"]
[SourceDate "2008.07.14"]
[SourceVersion "1"]
[SourceVersionDate "2008.07.14"]
[SourceQuality "2"]

1. e4 c5 2. Nf3 e6 3. d4 cxd4 4. Nxd4 a6 5. Be2 Qc7 6. O-O Nf6 7. Bd3 b6 8. Be3
Bb7 9. Nd2 h5 10. f3 Bd6 11. h3 Bh2+ 12. Kh1 d5 13. N4b3 Nbd7 14. Rc1 Be5 15.
c3 Bf4 16. Qe2 h4 17. Rfd1 Nh5 18. Nf1 Ndf6 19. Nbd2 Bh2 20. c4 d4 21. Bxd4 Rd8
22. Be3 Be5 23. b4 Nf4 24. Bxf4 Bxf4 25. c5 b5 26. a4 Rxd3 27. Qxd3 Bc6 28. Rc2
Qe7 29. Nb3 O-O 30. Na5 Qc7 31. Nxc6 Qxc6 32. axb5 axb5 33. Ra2 Rb8 34. Ra7 Bc7
35. Qa3 Rc8 36. Qa6 Qe8 37. Rb7 Rd8 38. Rxd8 Qxd8 39. Qxb5 Bf4 40. Qe2 Qa8 41.
Rb6 Qa1 42. Ra6 Qb1 43. e5 Nd7 44. Ra8+ Nf8 45. b5 Qb4 46. c6 Qc5 47. Qd3 g6
48. Qa3 1-0

[Event "Monarch Assurance Isle of Man 12th"]
[Site "Port Erin IOM"]
[Date "2003.09.30"]
[Round "4.1"]
[White "Korneev, Oleg"]
[Black "Kotronias, Vasilios"]
[Result "1/2-1/2"]
[WhiteElo "2561"]
[BlackElo "2602"]
[PlyCount "44"]
[EventDate "2003.09.27"]
[EventType "swiss"]
[EventRounds "9"]
[EventCountry "IOM"]
[SourceTitle "BritBase"]
[SourceDate "2008.07.14"]
[SourceVersion "1"]
[SourceVersionDate "2008.07.14"]
[SourceQuality "2"]

1. e4 c5 2. Nf3 Nc6 3. d4 cxd4 4. Nxd4 Nf6 5. Nc3 d6 6. Bg5 e6 7. Qd2 Be7 8.
O-O-O O-O 9. Nb3 Qb6 10. f3 Rd8 11. Nb5 Rd7 12. Qe1 a6 13. N5d4 Rd8 14. Be3 Qc7
15. g4 Nxd4 16. Nxd4 d5 17. g5 Nh5 18. Qh4 g6 19. Bd3 dxe4 20. Bxe4 e5 21. Ne2
Be6 22. Nc3 Rac8 1/2-1/2

[Event "Monarch Assurance Isle of Man 12th"]
[Site "Port Erin IOM"]
[Date "2003.09.30"]
[Round "4.2"]
[White "Iordachescu, Viorel"]
[Black "Wells, Peter K"]
[Result "1/2-1/2"]
[WhiteElo "2606"]
[BlackElo "2481"]
[PlyCount "87"]
[EventDate "2003.09.27"]
[EventType "swiss"]
[EventRounds "9"]
[EventCountry "IOM"]
[SourceTitle "BritBase"]
[SourceDate "2008.07.14"]
[SourceVersion "1"]
[SourceVersionDate "2008.07.14"]
[SourceQuality "2"]

1. e4 c5 2. Nf3 Nc6 3. d4 cxd4 4. Nxd4 Nf6 5. Nc3 d6 6. Bg5 e6 7. Qd2 Be7 8.
O-O-O O-O 9. f3 a6 10. h4 Nxd4 11. Qxd4 b5 12. Kb1 Qc7 13. Qd2 Rd8 14. Bd3 b4
15. Ne2 a5 16. Nd4 e5 17. Nb5 Qb6 18. c4 bxc3 19. Qxc3 Bb7 20. Rhe1 d5 21. Qc7
Qxc7 22. Nxc7 Rac8 23. Bxf6 Bxf6 24. Nxd5 Bxh4 25. Rh1 Bg5 26. Bc2 g6 {(=)} 27.
Nb6 Rc7 28. Rxd8+ Bxd8 29. Rd1 Bg5 30. Rd7 Rxd7 31. Nxd7 f6 32. Nc5 Bc8 33.
Bb3+ Kf8 34. Be6 Be3 35. Bxc8 Bxc5 36. Kc2 Ke7 37. Kb3 Bf2 38. Ka4 Be1 39. Kb5
Kd6 40. Bb7 f5 41. exf5 gxf5 42. Bc8 f4 43. Bf5 h6 44. Kc4 1/2-1/2

[Event "Monarch Assurance Isle of Man 12th"]
[Site "Port Erin IOM"]
[Date "2003.09.30"]
[Round "4.3"]
[White "Sulskis, Sarunas"]
[Black "Emms, John"]
[Result "1/2-1/2"]
[WhiteElo "2593"]
[BlackElo "2520"]
[PlyCount "78"]
[EventDate "2003.09.27"]
[EventType "swiss"]
[EventRounds "9"]
[EventCountry "IOM"]
[SourceTitle "BritBase"]
[SourceDate "2008.07.14"]
[SourceVersion "1"]
[SourceVersionDate "2008.07.14"]
[SourceQuality "2"]

1. e4 e5 2. Nf3 Nc6 3. d4 exd4 4. Nxd4 Nf6 5. Nxc6 bxc6 6. e5 Qe7 7. Qe2 Nd5 8.
Nd2 a5 9. g3 f6 10. exf6 Nxf6 11. a4 Bb7 12. Qxe7+ Bxe7 13. Bg2 O-O 14. O-O Bc5
15. Nb3 Bb6 16. Be3 Bxe3 17. fxe3 Rfe8 18. Rf5 d5 19. e4 Bc8 20. Rf4 Nxe4 21.
Re1 Rb8 22. Nc5 Rxb2 23. Nxe4 dxe4 24. Bxe4 Bd7 25. Rd1 Re7 26. Bd3 g6 27. h4
Kg7 28. Rc4 Ra2 29. Rb1 Be8 30. Rb7 h5 31. Ra7 Bf7 32. Rxc6 Rxa4 33. Kf2 Ra1
34. Rcxc7 Rxc7 35. Rxc7 Kf6 36. Rc6+ Kg7 37. Rc7 Kf6 38. Rc6+ Kg7 39. Rc7 Kf6
1/2-1/2

[Event "Monarch Assurance Isle of Man 12th"]
[Site "Port Erin IOM"]
[Date "2003.09.30"]
[Round "4.4"]
[White "Kuzmin, Alexey"]
[Black "Williams, Simon K"]
[Result "1/2-1/2"]
[WhiteElo "2583"]
[BlackElo "2381"]
[PlyCount "46"]
[EventDate "2003.09.27"]
[EventType "swiss"]
[EventRounds "9"]
[EventCountry "IOM"]
[SourceTitle "BritBase"]
[SourceDate "2008.07.14"]
[SourceVersion "1"]
[SourceVersionDate "2008.07.14"]
[SourceQuality "2"]

1. d4 e6 2. c4 f5 3. g3 Nf6 4. Bg2 Be7 5. Nf3 O-O 6. O-O d6 7. b3 Ne4 8. Bb2
Bf6 9. Nfd2 Nxd2 10. Qxd2 e5 11. dxe5 dxe5 12. Rd1 Qxd2 13. Rxd2 c6 14. Nc3 e4
15. f3 Bg5 16. f4 Bf6 17. e3 Na6 18. Bf1 Be6 19. Na4 Bxb2 20. Nxb2 Rfd8 21.
Rad1 Rxd2 22. Rxd2 Kf7 23. Kf2 Ke7 1/2-1/2

[Event "Monarch Assurance Isle of Man 12th"]
[Site "Port Erin IOM"]
[Date "2003.09.30"]
[Round "4.5"]
[White "Zatonskih, Anna"]
[Black "Barsov, Alexei"]
[Result "1/2-1/2"]
[WhiteElo "2423"]
[BlackElo "2526"]
[PlyCount "24"]
[EventDate "2003.09.27"]
[EventType "swiss"]
[EventRounds "9"]
[EventCountry "IOM"]
[SourceTitle "BritBase"]
[SourceDate "2008.07.14"]
[SourceVersion "1"]
[SourceVersionDate "2008.07.14"]
[SourceQuality "2"]

1. e4 e6 2. d4 d5 3. Nd2 Nf6 4. e5 Nfd7 5. c3 c5 6. Bd3 Nc6 7. Ne2 cxd4 8. cxd4
f6 9. exf6 Nxf6 10. O-O Bd6 11. Nf3 O-O 12. Bf4 Bxf4 1/2-1/2

[Event "Monarch Assurance Isle of Man 12th"]
[Site "Port Erin IOM"]
[Date "2003.09.30"]
[Round "4.7"]
[White "Hunt, Harriet"]
[Black "Fridman, Daniel"]
[Result "0-1"]
[WhiteElo "2402"]
[BlackElo "2592"]
[PlyCount "74"]
[EventDate "2003.09.27"]
[EventType "swiss"]
[EventRounds "9"]
[EventCountry "IOM"]
[SourceTitle "BritBase"]
[SourceDate "2008.07.14"]
[SourceVersion "1"]
[SourceVersionDate "2008.07.14"]
[SourceQuality "2"]

1. e4 d6 2. d4 Nf6 3. Nc3 g6 4. Be3 c6 5. Qd2 Bg7 6. Nf3 O-O 7. Bd3 Nbd7 8. O-O
e5 9. h3 Re8 10. dxe5 Nxe5 11. Nxe5 dxe5 12. a4 b6 13. Rfd1 Be6 14. Ne2 Qc7 15.
Ng3 Red8 16. a5 b5 17. Qc3 Rab8 18. b4 Nd7 19. Rab1 c5 20. bxc5 a6 21. Be2 Rdc8
22. Bg4 Nxc5 23. Bxe6 Nxe6 24. Qxc7 Rxc7 25. Rd6 Ra8 26. Rc1 Rc4 27. c3 Bf8 28.
Rd5 Nf4 29. Rd7 Bc5 30. Kf1 Bxe3 31. fxe3 Ne6 32. Rd5 Nc5 33. Ke2 Re8 34. Kf3
Re6 35. Rd8+ Kg7 36. Rd5 h5 37. h4 b4 0-1

[Event "Monarch Assurance Isle of Man 12th"]
[Site "Port Erin IOM"]
[Date "2003.09.30"]
[Round "4.8"]
[White "Pert, Richard"]
[Black "Al Modiahki, Mohamad"]
[Result "1-0"]
[WhiteElo "2380"]
[BlackElo "2574"]
[PlyCount "67"]
[EventDate "2003.09.27"]
[EventType "swiss"]
[EventRounds "9"]
[EventCountry "IOM"]
[SourceTitle "BritBase"]
[SourceDate "2008.07.14"]
[SourceVersion "1"]
[SourceVersionDate "2008.07.14"]
[SourceQuality "2"]

1. d4 d5 2. c4 Nc6 3. Nf3 e5 4. Nxe5 Nxe5 5. dxe5 d4 6. e4 Ne7 7. f4 Nc6 8. Bd3
g5 9. O-O Bg7 10. Nd2 gxf4 11. Nf3 Bh6 12. Qb3 Qe7 13. Bd2 Rb8 14. e6 Bxe6 15.
Qb5 Qf6 16. e5 Qg7 17. Rae1 O-O 18. Re2 Kh8 19. Be1 Rg8 20. Bh4 Qg4 21. Bb1 Qh5
22. Qb3 Bg7 23. Qd3 Rbe8 24. Bg5 Qg6 25. Qd2 Bf5 26. Bxf5 Qxf5 27. Bxf4 d3 28.
Ref2 Nxe5 29. Nxe5 Bxe5 30. Bxe5+ Qxe5 31. Qxd3 Re7 32. Rxf7 Qc5+ 33. Kh1 Rg7
34. Rf8+ {time} 1-0

[Event "Monarch Assurance Isle of Man 12th"]
[Site "Port Erin IOM"]
[Date "2003.09.30"]
[Round "4.9"]
[White "Aagaard, Jacob"]
[Black "Agdestein, Simen"]
[Result "0-1"]
[WhiteElo "2360"]
[BlackElo "2571"]
[PlyCount "128"]
[EventDate "2003.09.27"]
[EventType "swiss"]
[EventRounds "9"]
[EventCountry "IOM"]
[SourceTitle "BritBase"]
[SourceDate "2008.07.14"]
[SourceVersion "1"]
[SourceVersionDate "2008.07.14"]
[SourceQuality "2"]

1. e4 e6 2. d4 d5 3. Nd2 c5 4. exd5 exd5 5. Ngf3 Nc6 6. Bb5 Bd6 7. O-O cxd4 8.
Nb3 Nge7 9. Bxc6+ bxc6 10. Qxd4 Nf5 11. Qa4 Qc7 12. c4 dxc4 13. Nbd2 O-O 14.
Nxc4 Be7 15. Nce5 c5 16. Rd1 Be6 17. Bd2 Rac8 18. Bc3 Qb7 19. Rd2 Nd6 20. Re1
Rfe8 21. b3 Bf8 22. Rde2 Bd5 23. Qg4 Nb5 24. Bb2 Red8 25. Ng5 Nd4 26. Re3 f5
27. Qh3 h6 28. Ng6 Bxg2 29. Qh5 Be4 30. Nxe4 fxe4 31. Rxe4 Rd5 32. Re5 Rxe5 33.
Nxe5 Qd5 34. Bxd4 cxd4 35. Qf3 Qxf3 36. Nxf3 d3 37. Rd1 Rc2 38. Ne1 Rxa2 39.
Nxd3 Rc2 40. Kf1 Rc3 41. b4 Rb3 42. Ke2 Bxb4 43. Nxb4 Rxb4 44. Rd7 a5 45. Kf3
a4 46. Ra7 Kf8 47. Kg3 g5 48. Ra6 Kg7 49. Ra7+ Kf8 50. Ra6 h5 51. Ra5 Ke7 52.
h3 h4+ 53. Kf3 Kf6 54. Ra6+ Ke5 55. Ra5+ Kd4 56. Kg4 Kc4 57. Ra8 Kb3+ 58. Kxg5
a3 59. f4 Ra4 60. Re8 a2 61. Re1 a1=Q 62. Rxa1 Rxa1 63. Kxh4 Kc4 64. Kg5 Kd5
0-1

[Event "Monarch Assurance Isle of Man 12th"]
[Site "Port Erin IOM"]
[Date "2003.09.30"]
[Round "4.10"]
[White "Psakhis, Lev"]
[Black "Cooper, Lawrence"]
[Result "1-0"]
[WhiteElo "2550"]
[BlackElo "2335"]
[PlyCount "51"]
[EventDate "2003.09.27"]
[EventType "swiss"]
[EventRounds "9"]
[EventCountry "IOM"]
[SourceTitle "BritBase"]
[SourceDate "2008.07.14"]
[SourceVersion "1"]
[SourceVersionDate "2008.07.14"]
[SourceQuality "2"]

1. e4 e5 2. Nf3 Nf6 3. Nxe5 d6 4. Nf3 Nxe4 5. d4 d5 6. Bd3 Nc6 7. O-O Be7 8.
Re1 Bg4 9. c4 Nf6 10. cxd5 Nxd5 11. Nc3 O-O 12. h3 Be6 13. a3 Nxc3 14. bxc3 Bf6
15. Rb1 b6 16. Bf4 Kh8 17. Be4 Bd7 18. Ne5 Bxe5 19. dxe5 Qe8 20. Bg5 Qe6 21.
Qh5 h6 22. Bf6 Kg8 23. Re3 Ne7 24. Rg3 Ng6 25. Rxg6 fxg6 26. Qxg6 1-0

[Event "Monarch Assurance Isle of Man 12th"]
[Site "Port Erin IOM"]
[Date "2003.09.30"]
[Round "4.12"]
[White "Kogan, Artur"]
[Black "Dannevig, Oystein"]
[Result "1-0"]
[WhiteElo "2534"]
[BlackElo "2331"]
[PlyCount "63"]
[EventDate "2003.09.27"]
[EventType "swiss"]
[EventRounds "9"]
[EventCountry "IOM"]
[SourceTitle "BritBase"]
[SourceDate "2008.07.14"]
[SourceVersion "1"]
[SourceVersionDate "2008.07.14"]
[SourceQuality "2"]

1. d4 Nf6 2. Nf3 c5 3. d5 e6 4. c4 d6 5. Nc3 exd5 6. cxd5 g6 7. Bf4 a6 8. a4
Qe7 9. h3 Nh5 10. Bg5 f6 11. Bd2 f5 12. g3 Bg7 13. Bg2 O-O 14. O-O h6 15. e4 f4
16. g4 Nf6 17. e5 dxe5 18. Re1 Nbd7 19. Nh4 Qf7 20. Qc2 g5 21. Nf5 Nb6 22. Nxg7
Kxg7 23. Qb3 f3 24. Qxb6 Nd7 25. Qd6 fxg2 26. Ne4 b6 27. Bc3 Bb7 28. Rad1 Rae8
29. Rd2 Kh7 30. Qc7 Bxd5 31. Nd6 Qe6 32. Nxe8 1-0

[Event "Monarch Assurance Isle of Man 12th"]
[Site "Port Erin IOM"]
[Date "2003.09.30"]
[Round "4.13"]
[White "Motwani, Paul"]
[Black "Molander, Riku"]
[Result "1-0"]
[WhiteElo "2525"]
[BlackElo "2324"]
[PlyCount "63"]
[EventDate "2003.09.27"]
[EventType "swiss"]
[EventRounds "9"]
[EventCountry "IOM"]
[SourceTitle "BritBase"]
[SourceDate "2008.07.14"]
[SourceVersion "1"]
[SourceVersionDate "2008.07.14"]
[SourceQuality "2"]

1. Nf3 Nf6 2. g3 e6 3. Bg2 Be7 4. O-O O-O 5. c4 d5 6. d4 dxc4 7. Na3 Bxa3 8.
bxa3 Bd7 9. Ne5 Bc6 10. Nxc6 Nxc6 11. Bb2 Nd5 12. Rc1 c3 13. Ba1 f5 14. Bxc3
Nxc3 15. Rxc3 Qxd4 16. Qb3 Rae8 17. Bxc6 bxc6 18. Rxc6 Rf7 19. Rxe6 Rxe6 20.
Qxe6 f4 21. Qc8+ Rf8 22. Qxc7 Qe4 23. Re1 a6 24. Qb6 h5 25. Qxa6 fxg3 26. hxg3
h4 27. Qb6 h3 28. f3 Rxf3 29. exf3 Qxe1+ 30. Kh2 Qe2+ 31. Kxh3 Qxf3 32. Qb3+
1-0

[Event "Monarch Assurance Isle of Man 12th"]
[Site "Port Erin IOM"]
[Date "2003.09.30"]
[Round "4.14"]
[White "Kiseleva, Natalia"]
[Black "Arkell, Keith"]
[Result "1-0"]
[WhiteElo "2322"]
[BlackElo "2513"]
[PlyCount "77"]
[EventDate "2003.09.27"]
[EventType "swiss"]
[EventRounds "9"]
[EventCountry "IOM"]
[SourceTitle "BritBase"]
[SourceDate "2008.07.14"]
[SourceVersion "1"]
[SourceVersionDate "2008.07.14"]
[SourceQuality "2"]

1. d4 d6 2. Nf3 Bg4 3. e3 Nd7 4. Be2 Ngf6 5. c4 e5 6. Nc3 c6 7. O-O Be7 8. e4
O-O 9. Be3 a6 10. a4 a5 11. h3 Bh5 12. d5 Bg6 13. Bd3 Rc8 14. Qb1 cxd5 15. cxd5
Nc5 16. Nd2 Nfd7 17. Nb5 h6 18. Ra3 Nxd3 19. Qxd3 Nc5 20. Bxc5 Rxc5 21. Rc3
Rxc3 22. Qxc3 Bg5 23. Re1 Bxd2 24. Qxd2 f5 25. exf5 Bxf5 26. Qe3 Bg6 27. Rc1
Rf4 28. b3 Bf7 29. Qd3 {(=)} Be8 30. Nc7 Rd4 31. Qf5 Bd7 32. Ne6 Rxd5 33. Nxd8
Bxf5 34. Nxb7 Be6 35. Nd8 Bd7 36. Rc7 Rd1+ 37. Kh2 Bf5 38. Nc6 Rd2 39. Ne7+ 1-0

[Event "Monarch Assurance Isle of Man 12th"]
[Site "Port Erin IOM"]
[Date "2003.09.30"]
[Round "4.16"]
[White "Davies, Nigel"]
[Black "Grant, Alan"]
[Result "1-0"]
[WhiteElo "2482"]
[BlackElo "2270"]
[PlyCount "47"]
[EventDate "2003.09.27"]
[EventType "swiss"]
[EventRounds "9"]
[EventCountry "IOM"]
[SourceTitle "BritBase"]
[SourceDate "2008.07.14"]
[SourceVersion "1"]
[SourceVersionDate "2008.07.14"]
[SourceQuality "2"]

1. d4 Nf6 2. Nf3 e6 3. g3 b6 4. Bg2 Ba6 5. O-O d5 6. b3 c6 7. c4 Be7 8. Qc2 O-O
9. Nbd2 Nbd7 10. e4 Rc8 11. e5 Ne8 12. Re1 Nc7 13. Bb2 c5 14. Rad1 Re8 15. h4
b5 16. dxc5 bxc4 17. b4 Ra8 18. Nd4 Qb8 19. Bc3 Nb5 20. Nxb5 Qxb5 21. a4 Qb8
22. c6 Nf8 23. b5 Bc8 24. Nxc4 1-0

[Event "Monarch Assurance Isle of Man 12th"]
[Site "Port Erin IOM"]
[Date "2003.09.30"]
[Round "4.17"]
[White "Bjarnason, Oskar"]
[Black "Del Rio Angelis, Salvador Gabriel"]
[Result "0-1"]
[WhiteElo "2261"]
[BlackElo "2479"]
[PlyCount "54"]
[EventDate "2003.09.27"]
[EventType "swiss"]
[EventRounds "9"]
[EventCountry "IOM"]
[SourceTitle "BritBase"]
[SourceDate "2008.07.14"]
[SourceVersion "1"]
[SourceVersionDate "2008.07.14"]
[SourceQuality "2"]

1. e4 e6 2. d4 d5 3. e5 c5 4. c3 Nc6 5. Nf3 Bd7 6. Be2 Nge7 7. Na3 cxd4 8. cxd4
Nf5 9. Nc2 Qb6 10. O-O Na5 11. g4 Ne7 12. b3 h5 13. h3 hxg4 14. hxg4 Ng6 15.
Bg5 Bb5 16. Rc1 Nc6 17. Nfe1 Be7 18. Bxe7 Kxe7 19. Bxb5 Qxb5 20. Ng2 Rh3 21. f4
Qb6 22. Qd2 Rah8 23. Rcd1 Nh4 24. Qe2 Nxg2 25. Qxg2 Qa5 26. Rf3 Rxf3 27. Qxf3
Qxa2 0-1

[Event "Monarch Assurance Isle of Man 12th"]
[Site "Port Erin IOM"]
[Date "2003.09.30"]
[Round "4.18"]
[White "Hutchinson, Paul A"]
[Black "Handke, Florian"]
[Result "0-1"]
[WhiteElo "2255"]
[BlackElo "2476"]
[PlyCount "62"]
[EventDate "2003.09.27"]
[EventType "swiss"]
[EventRounds "9"]
[EventCountry "IOM"]
[SourceTitle "BritBase"]
[SourceDate "2008.07.14"]
[SourceVersion "1"]
[SourceVersionDate "2008.07.14"]
[SourceQuality "2"]

1. e4 c5 2. d4 cxd4 3. c3 d3 4. Bxd3 d6 5. c4 Nf6 6. Nc3 e6 7. Nf3 Be7 8. O-O
O-O 9. Qe2 Nbd7 10. Rd1 Qa5 11. h3 a6 12. Be3 Qc7 13. Rac1 b6 14. Bb1 Bb7 15.
Nd2 Rac8 16. f3 Rfe8 17. g4 Qb8 18. Nf1 Bf8 19. Bf4 Ne5 20. Ne3 Rcd8 21. Bg3
Qa8 22. Kh2 Ng6 23. Qd3 h5 24. g5 h4 25. gxf6 hxg3+ 26. Kxg3 d5 27. Ng4 dxe4
28. Qe3 Qb8+ 29. f4 Bc5 30. Qe1 Qxf4+ 31. Kg2 e3+ 0-1

[Event "Monarch Assurance Isle of Man 12th"]
[Site "Port Erin IOM"]
[Date "2003.09.30"]
[Round "4.19"]
[White "Sandipan, Chanda"]
[Black "Radovanovic, Jovica"]
[Result "1-0"]
[WhiteElo "2469"]
[BlackElo "2239"]
[PlyCount "79"]
[EventDate "2003.09.27"]
[EventType "swiss"]
[EventRounds "9"]
[EventCountry "IOM"]
[SourceTitle "BritBase"]
[SourceDate "2008.07.14"]
[SourceVersion "1"]
[SourceVersionDate "2008.07.14"]
[SourceQuality "2"]

1. e4 c5 2. Nf3 d6 3. Bb5+ Nd7 4. d4 Ngf6 5. Nc3 a6 6. Bxd7+ Nxd7 7. O-O e6 8.
Bg5 Qc7 9. a4 cxd4 10. Nxd4 Ne5 11. Re1 h6 12. Bh4 g5 13. Bg3 Bd7 14. Nde2 Qc5
15. Nc1 h5 16. Bxe5 dxe5 17. Nd3 Qc7 18. Qf3 Be7 19. h3 g4 20. hxg4 hxg4 21.
Qxg4 O-O-O 22. g3 Bc6 23. Kg2 Rhg8 24. Qe2 f5 25. Rh1 Rd4 26. f3 Bb4 27. Nxb4
Rxb4 28. b3 Rd4 29. Rad1 Qg7 30. Rh3 Rxd1 31. Nxd1 Qg5 32. Nf2 Rd8 33. Qc4 Kb8
34. Qc5 fxe4 35. fxe4 Qf5 36. Qe3 Rd4 37. Rh8+ Kc7 38. c3 Bxe4+ 39. Kh2 Rd6 40.
Nxe4 1-0

[Event "Monarch Assurance Isle of Man 12th"]
[Site "Port Erin IOM"]
[Date "2003.09.30"]
[Round "4.20"]
[White "Valaker, Ole J"]
[Black "Van der Weide, Karel"]
[Result "1/2-1/2"]
[WhiteElo "2207"]
[BlackElo "2412"]
[PlyCount "81"]
[EventDate "2003.09.27"]
[EventType "swiss"]
[EventRounds "9"]
[EventCountry "IOM"]
[SourceTitle "BritBase"]
[SourceDate "2008.07.14"]
[SourceVersion "1"]
[SourceVersionDate "2008.07.14"]
[SourceQuality "2"]

1. d4 c5 2. d5 Nf6 3. Nf3 g6 4. Nc3 Bg7 5. e4 d6 6. Be2 O-O 7. h3 Na6 8. O-O
Nc7 9. a4 b6 10. Bf4 Bb7 11. Bh2 a6 12. Re1 Qd7 13. Qd3 b5 14. axb5 axb5 15.
Nxb5 Rxa1 16. Rxa1 Nxb5 17. Qxb5 Qxb5 18. Bxb5 Nxe4 19. Bc4 Ra8 20. Re1 f5 21.
c3 Ra4 22. Bb3 Ra6 23. Bc4 Rb6 24. Re2 Ba6 25. Bxa6 Rxa6 26. g4 Bf6 27. gxf5
gxf5 28. Bf4 Ra2 29. Kf1 Kf7 30. h4 Kg6 31. Ng5 h6 32. Nxe4 fxe4 33. b4 Ra1+
34. Kg2 Bxc3 35. bxc5 dxc5 36. h5+ Kxh5 37. Rxe4 Bf6 38. Re6 Bg5 39. Bxg5 hxg5
40. Rxe7 Rd1 41. Re5 1/2-1/2

[Event "Monarch Assurance Isle of Man 12th"]
[Site "Port Erin IOM"]
[Date "2003.09.30"]
[Round "4.21"]
[White "Mannion, Stephen"]
[Black "Maze, Sebastien"]
[Result "1/2-1/2"]
[WhiteElo "2339"]
[BlackElo "2412"]
[PlyCount "112"]
[EventDate "2003.09.27"]
[EventType "swiss"]
[EventRounds "9"]
[EventCountry "IOM"]
[SourceTitle "BritBase"]
[SourceDate "2008.07.14"]
[SourceVersion "1"]
[SourceVersionDate "2008.07.14"]
[SourceQuality "2"]

1. e4 c5 2. Nf3 Nc6 3. d4 cxd4 4. Nxd4 Qc7 5. Nb5 Qb8 6. c4 Nf6 7. N1c3 e6 8.
f4 a6 9. Nd4 Bb4 10. e5 Ne4 11. Nxc6 bxc6 12. Qc2 Nxc3 13. bxc3 Bc5 14. Bd3 h5
15. Rf1 Bb7 16. Qe2 g6 17. Be3 Qa7 18. Bxc5 Qxc5 19. Rb1 Ra7 20. Qf2 Qxf2+ 21.
Rxf2 c5 22. Rfb2 Bc8 23. Be4 Ke7 24. Rb8 Rd8 25. R1b6 Rc7 26. Bb7 Bxb7 27.
R8xb7 Rxb7 28. Rxb7 h4 29. a4 g5 30. Kf2 gxf4 31. Kf3 Rg8 32. Rc7 h3 33. gxh3
Rh8 34. Rxc5 Rxh3+ 35. Kxf4 Rxh2 36. Ke4 Kd8 37. Ra5 Rh4+ 38. Kd3 Rh5 39. Kd4
f6 40. Rxa6 Rxe5 41. a5 Kc7 42. Ra7+ Kc6 43. Ra6+ Kb7 44. Rb6+ Kc7 45. c5 Re1
46. a6 Ra1 47. Rb7+ Kc8 48. Ra7 Kb8 49. Rb7+ Ka8 50. Kc4 Rd1 51. Rc7 Kb8 52.
a7+ Ka8 53. Kb5 Rb1+ 54. Ka6 Ra1+ 55. Kb6 Rb1+ 56. Ka6 Ra1+ 1/2-1/2

[Event "Monarch Assurance Isle of Man 12th"]
[Site "Port Erin IOM"]
[Date "2003.09.30"]
[Round "4.23"]
[White "Luther, Thomas"]
[Black "Allen, Keith"]
[Result "1-0"]
[WhiteElo "2574"]
[BlackElo "2224"]
[PlyCount "67"]
[EventDate "2003.09.27"]
[EventType "swiss"]
[EventRounds "9"]
[EventCountry "IOM"]
[SourceTitle "BritBase"]
[SourceDate "2008.07.14"]
[SourceVersion "1"]
[SourceVersionDate "2008.07.14"]
[SourceQuality "2"]

1. e4 c6 2. d4 d5 3. Nd2 dxe4 4. Nxe4 Nd7 5. Qe2 Ndf6 6. Nf3 Nxe4 7. Qxe4 Nf6
8. Qh4 Bf5 9. c3 e6 10. Bc4 Be7 11. Qf4 h6 12. Ne5 Qc7 13. h3 Bd6 14. Qe3 Nd5
15. Qe2 O-O-O 16. O-O g5 17. Re1 Rhg8 18. Bd2 Rg7 19. Rad1 Nf4 20. Bxf4 gxf4
21. Qf3 Rdg8 22. Bf1 Kb8 23. b4 Bxe5 24. dxe5 f6 25. exf6 Rf7 26. Rd4 e5 27.
Bc4 Bxh3 28. Qxh3 exd4 29. Bxf7 Qxf7 30. Re7 Qg6 31. f7 Rd8 32. f8=R Rxf8 33.
Qd7 f3 34. Qxb7# 1-0

[Event "Monarch Assurance Isle of Man 12th"]
[Site "Port Erin IOM"]
[Date "2003.09.30"]
[Round "4.24"]
[White "Devereaux, Max"]
[Black "Halkias, Stelios"]
[Result "0-1"]
[WhiteElo "2329"]
[BlackElo "2560"]
[PlyCount "60"]
[EventDate "2003.09.27"]
[EventType "swiss"]
[EventRounds "9"]
[EventCountry "IOM"]
[SourceTitle "BritBase"]
[SourceDate "2008.07.14"]
[SourceVersion "1"]
[SourceVersionDate "2008.07.14"]
[SourceQuality "2"]

1. e4 c5 2. Nf3 Nc6 3. d4 cxd4 4. Nxd4 Nf6 5. Nc3 e5 6. Ndb5 d6 7. Bg5 a6 8.
Na3 b5 9. Bxf6 gxf6 10. Nd5 f5 11. Bd3 Be6 12. O-O f4 13. c4 b4 14. Nc2 a5 15.
Qh5 Rg8 16. Qxh7 Rg6 17. g3 Rb8 18. b3 Rh6 19. Qg8 f5 20. Nc7+ Qxc7 21. Qg5 Qh7
22. exf5 Rxh2 23. fxe6 Rh1+ 24. Kg2 f3+ 25. Kxf3 Qxd3+ 26. Ne3 Rh2 27. g4 Nd4+
28. Kg3 Qh7 29. Qg6+ Qxg6 30. Kxh2 Bh6 0-1

[Event "Monarch Assurance Isle of Man 12th"]
[Site "Port Erin IOM"]
[Date "2003.09.30"]
[Round "4.25"]
[White "Hughes, Howard"]
[Black "Mikhalevski, Victor"]
[Result "0-1"]
[WhiteElo "2215"]
[BlackElo "2523"]
[PlyCount "96"]
[EventDate "2003.09.27"]
[EventType "swiss"]
[EventRounds "9"]
[EventCountry "IOM"]
[SourceTitle "BritBase"]
[SourceDate "2008.07.14"]
[SourceVersion "1"]
[SourceVersionDate "2008.07.14"]
[SourceQuality "2"]

1. e4 e5 2. f4 Bc5 3. Nf3 d6 4. c3 Nf6 5. d4 exd4 6. cxd4 Bb6 7. Nc3 Nc6 8. e5
dxe5 9. fxe5 Ng4 10. h3 Nh6 11. Bxh6 gxh6 12. d5 Nxe5 13. Nxe5 Qh4+ 14. Kd2
Qf4+ 15. Kc2 Qxe5 16. Bd3 O-O 17. Qf3 Qe3 18. Rhf1 Bd7 19. Qh5 Bd4 20. Rae1 Qg5
21. Qxg5+ hxg5 22. Re7 Rad8 23. Bf5 Bxf5+ 24. Rxf5 f6 25. Rxc7 Rf7 26. Rxf7
Kxf7 27. g4 Be5 28. Kd3 b5 29. Nxb5 Rxd5+ 30. Kc4 Rd2 31. Nxa7 Rc2+ 32. Kd5
Rd2+ 33. Kc4 Rc2+ 34. Kd5 Rxb2 35. Nc6 Bc7 36. a4 Ra2 37. Nd4 Rxa4 38. Nb5 Bf4
39. Nd6+ Bxd6 40. Kxd6 Rd4+ 41. Rd5 Rxd5+ 42. Kxd5 Ke7 43. Ke4 Ke6 44. Kd4 f5
45. gxf5+ Kxf5 46. Ke3 h6 47. Kf3 h5 48. Ke3 Ke5 0-1